000 00453nam a22001937a 4500
999 _c10618
_d10618
003 OSt
008 210408b ||||| |||| 00| 0 eng d
020 _a9789352718535
082 _a657 MAF
100 _aMAHESHWARI,SN
245 _aFinancial Accounting
250 _a6th Ed.
260 _aNew Delhi
_bVikas
_c2020
300 _aMISC
650 _aB.Com
700 _aMAHESHWARI,Suneel K
700 _aMAHESHWARI, Sharad K
942 _2ddc
_cBK
_08